Normal view
MARC view
- Work Environment.
Entry Topical Term
001 - CONTROL NUMBER
- control field: 46947
003 - CONTROL NUMBER IDENTIFIER
- control field: OSt
005 - DATE AND TIME OF LATEST TRANSACTION
- control field: 20221205150700.0
008 - FIXED-LENGTH DATA ELEMENTS
- fixed length control field: 221205|| aca||aabn | a|a d
040 ## - CATALOGING SOURCE
- Original cataloging agency: OSt
- Transcribing agency: OSt
150 ## - HEADING--TOPICAL TERM
- Topical term or geographic name entry element: Work Environment.
670 ## - SOURCE DATA FOUND
- Source citation: Work cat.: (OSt): AFP 46946, HK foreign domestic workers being abandoned in crisis /, February 19, 2022.
